000 00347 a2200169 4500
001 190273
020 _a978-85-262-6536-3
040 _cMagnum
100 _aNoronha, Teresa
240 1 0 _aRemar, rimar
_lpor
245 1 0 _aRemar, rimar
300 _a32
362 0 _a2007
440 1 _aScipione
697 _aLITERATURA INFANTO
942 _cBK
999 _c190273
_d190273